000
00208 a2200097 4500
001
1787
100
_a
Enrick, N.L.
245
_a
Management operation research
260
_a
_b
Reinhart
_c
090
_c
1318
_d
1318
942
_a
NUST-CAE
_c
M
_c
3536
999
_c
236860
_d
236860